00470nam a2200157Ia 4500008004000000020001800040041000800058082001600066100002200082245006800104260004800172300000800220440000600228650005700234700002100291210210b2006 xxu||||| |||| 00| 0 eng d a81 311 0034 0 aeng a070.03 PRAE aPRABHAKAR (Naval) aEncyclopaedia of mass media and communication in 21st century. aNew Delhi.bCommonwealth Publishers.c2006 a303 a8 aEncyclopaedia mass media International Communication aBASU (Narendra).